Chemistry of organic compounds / (Record no. 145226)

MARC details
000 -LEADER
fixed length control field 00574nam a22001937a 4500
005 - DATE AND TIME OF LATEST TRANSACTION
control field 20170921152027.0
010 ## - LCCN (DPL NO)
LC control number ENG-120635
020 ## - INTERNATIONAL STANDARD BOOK NUMBER
Terms of availability 680.00
International Standard Book Number 9789350270608
035 ## - SYSTEM CONTROL NUMBER
System control number EN-104167
037 ## - SOURCE OF ACQUISITION
Source of stock number/acquisition DBAD/PUB
082 ## - DEWEY DECIMAL CLASSIFICATION NUMBER
Classification number 540
100 ## - MAIN ENTRY--PERSONAL NAME
Personal name Bhakta, Chittaranjan
245 ## - TITLE STATEMENT
Title Chemistry of organic compounds /
Statement of responsibility, etc by Chittaranjan Bhakta
260 ## - PUBLICATION, DISTRIBUTION, ETC. (IMPRINT)
Place of publication, distribution, etc New Delhi
Name of publisher, distributor, etc Bharati Bhawan
Date of publication, distribution, etc 2012
270 ## - ADDRESS
City New Delhi
Address 4271/3 Ansari Road, Daryaganj
Postal code 110002
300 ## - PHYSICAL DESCRIPTION
Extent 1328p. :
Other physical details 28cm(pbk).
Dimensions ill.
500 ## - GENERAL NOTE
General note Includes index
942 ## - ADDED ENTRY ELEMENTS (KOHA)
Source of classification or shelving scheme Dewey Decimal Classification
Item type English Books
Classification part 540
Call number suffix BHA
Holdings
Withdrawn status Lost status Not for loan Collection code Home library Current library Date acquired Source of acquisition Cost, normal purchase price Full call number Barcode Copy number Cost, replacement price Koha item type
    Not For Loan Non-fiction D.B.Act.Division Bawana 21/09/2017 DBAD/PUB 680.00 540 BHA EN-104167 1 680.00 English Books

© Delhi Public Library
Hit Counter
free hit counter